ბათუმის შოთა რუსთაველის სახელმწიფო უნივერსიტეტის ბიბლიოთეკა

ბიზნესი და მენეჯმენტი №3(56)2018 (ბიბ.ჩანაწერი № 56533)

000 -LEADER
fixed length control field 01390nam a2200229Ia 4500
001 - CONTROL NUMBER
control field 23647
003 - CONTROL NUMBER IDENTIFIER
control field GE_BSU
008 - FIXED-LENGTH DATA ELEMENTS--GENERAL INFORMATION
fixed length control field 181216s||||||||xx |||||||||||||| ||und||
040 ## - CATALOGING SOURCE
Transcribing agency GE_BSU
245 ## - TITLE STATEMENT
Title ბიზნესი და მენეჯმენტი №3(56)2018
245 ## - TITLE STATEMENT
Remainder of title ჟურნალი ბიზნესისა და მართვის ხელოვნების შესახებ
245 ## - TITLE STATEMENT
Statement of responsibility, etc. მთ.რედ: თემურ იობაშვილი
260 ## - PUBLICATION, DISTRIBUTION, ETC.
Place of publication, distribution, etc. თბილისი
260 ## - PUBLICATION, DISTRIBUTION, ETC.
Date of publication, distribution, etc. 2018წელი
300 ## - PHYSICAL DESCRIPTION
Extent 60გვ;30სმ;
653 ## - INDEX TERM--UNCONTROLLED
Uncontrolled term ბიზნესი და მენეჯმენტი №3(56)2018
653 ## - INDEX TERM--UNCONTROLLED
Uncontrolled term ეკონომიკა,ბიზნესი
653 ## - INDEX TERM--UNCONTROLLED
Uncontrolled term პერიოდიკა
653 ## - INDEX TERM--UNCONTROLLED
Uncontrolled term ჟურნალი ბიზნესისა და მართვის ხელოვნების შესახებ
653 ## - INDEX TERM--UNCONTROLLED
Uncontrolled term სამეწარმეო მენეჯმენტი,სახელმწიფო მართვა,გეოეკონომიკა,რეიტინგები,ბიზნეს-ისტორიები,რეკლამა და მარკეტინგი,ტრანსპორტი და ენერგეტიკა,ბიზნესი და მენეჯერები.
942 ## - ADDED ENTRY ELEMENTS (KOHA)
Koha item type პერიოდიკა
ეგზემპლარები
Withdrawn status Lost status Source of classification or shelving scheme Damaged status Not for loan Permanent Location Current Location Date acquired Serial Enumeration / chronology Barcode Date last seen Copy number Price effective from Koha item type Public note Shelving location
          ბათუმის შოთა რუსთაველის სახელმწიფო უნივერსიტეტის მთავარი ბიბლიოთეკა ბათუმის შოთა რუსთაველის სახელმწიფო უნივერსიტეტის მთავარი ბიბლიოთეკა 2018-12-17 №3 (56) 2018 79718 p 2018-12-17 79718 2018-12-17 პერიოდიკა  
          ბათუმის შოთა რუსთაველის სახელმწიფო უნივერსიტეტის მთავარი ბიბლიოთეკა ბათუმის შოთა რუსთაველის სახელმწიფო უნივერსიტეტის მთავარი ბიბლიოთეკა 2018-12-17 №3 (56) 2018 79717 p 2018-12-17 79717 2018-12-17 პერიოდიკა წიგნსაცავი